000
00293nam a2200097Ia 4500
082
_a
J363.2562 BECK
245
0
_a
Cool biological clues : what hair, bones, and bugs tell us
100
_a
Beck, Esther Edina, MN, 2009
_9
76379
942
_c
BK
008
210817s9999 xx 000 0 und d
999
_c
323867
_d
323866